|
|
|
|
| LEADER |
00000nab a2200000 a 4500 |
| 001 |
vtls000037892 |
| 003 |
SK-MaSNL |
| 005 |
20260304165944.0 |
| 008 |
111103c1979 xo 0 slo |
| 015 |
|
|
|a SNBRB19rr/mm-uuuuu
|
| 035 |
|
|
|a CL0047987
|
| 040 |
|
|
|a SNKBUCL
|b slo
|c SNKBUCL
|e AACR2
|
| 041 |
0 |
|
|a slo
|
| 044 |
|
|
|a xo
|c SK
|
| 080 |
|
|
|a 67/68
|2 1981
|
| 100 |
1 |
|
|a Kačena, Štefan,
|d 1951-
|4 aut
|9 10090
|
| 245 |
1 |
0 |
|a Šesťdesiatsedem zlatých Fatím
|b Postrehy z módneho Trenčína
|c Š. Kačena
|
| 300 |
|
|
|b Obr. 8.
|
| 611 |
2 |
7 |
|a Trenčín mesto módy (Trenčín, Slovensko)
|2 snkbucl
|9 32688
|
| 650 |
0 |
7 |
|a spotrebný priemysel
|2 snkbucl
|9 75747
|
| 651 |
|
7 |
|a 5210
|2 snkbucl
|9 276500
|
| 655 |
|
7 |
|a články z novín a časopisov
|2 snkbucl
|9 267496
|
| 773 |
0 |
|
|t Život
|g Roč. 29, č. 38 (13. 9. 1979), s. 48-49
|
| 850 |
|
|
|a Slovenská národná knižnica v Martine
|a MTA001
|
| 852 |
|
|
|a SNK
|b KIS3GCP
|
| 958 |
|
|
|a RK
|
| 992 |
|
|
|a RBX
|
| 999 |
|
|
|c 2986337
|d 2988267
|